| 000 | 00800nam a2200229 u 4500 | ||
|---|---|---|---|
| 005 | 20240925063820.0 | ||
| 008 | 171107s2013 mx r 000 0 spa d | ||
| 020 | _a9786078345472 | ||
| 035 | _aUPN01000221482 | ||
| 049 | _aCG | ||
| 050 | 4 |
_aQA11.2 _bD5.3 |
|
| 245 | 0 | 3 |
_aLa didáctica y la dificultad en matemática : _banálisis de situaciones con falta de aprendizaje / _cBruno D´Amore ... [et al.] ; tr. Marcela Ferrari. |
| 260 |
_aMéxico : _bNueva Editorial Iztaccíhualt, _c2013. |
||
| 300 |
_a206 p. : _bil., figs. |
||
| 440 | 0 | _aDidácticas | |
| 650 | 4 |
_aMatemáticas _xEstudio y enseñanza _93601 |
|
| 650 | 4 |
_aProceso enseñanza-aprendizaje _942 |
|
| 650 | 4 |
_aProblemas de aprendizaje _95379 |
|
| 700 | 1 |
_aD'Amore, Bruno, _d1946- _ecoaut. _934756 |
|
| 905 | _aLibro | ||
| 999 |
_c193579 _d193579 |
||